| 000 | 01336 a2200349 4500 | ||
|---|---|---|---|
| 005 | 20251103143814.0 | ||
| 008 | 251103b |||||||| |||| 00| 0 eng d | ||
| 022 | _a24567051 | ||
| 041 | _aEn | ||
| 044 | _aCIV | ||
| 090 | _bDG/A/1663 | ||
| 100 | _aNIAMKETCHI, Gilles Lǒnce | ||
| 100 | _aNYAMIEN, Yves Bleouh Jean | ||
| 100 | _a | ||
| 110 | _aCentre National de Recherche Agronomique | ||
| 110 | _bCote d'Ivoire | ||
| 242 | _aPotentiel antioxydant de quatre fruits sauvages comestibles de la flore ivoirienne : Adansonia digitata L., Parkia biglobosa (Jacq. Benth.), Tamarindus indica L. et Aframomum melegueta (K. Schum.) | ||
| 245 | _aAntioxidant potential wild edible fruits from ivorian flora : adansonia digital L., parkia biglobosa (Jacq. benth.), tamarindus indica L. and aframomum melegueta (K.Schum) | ||
| 260 | _aAbidjan | ||
| 260 | _bCNRA | ||
| 260 | _bPeleforo Gon Coulibaly University | ||
| 260 | _bInstitute Felix Houphouet-Boigny, Yamoussoukro | ||
| 260 | _cOct 2025 | ||
| 302 | _a p.74-86 | ||
| 388 | _a2025-11-03 | ||
| 650 |
_2AGROVOC _g |
||
| 650 | _gAliments fonctionnels | ||
| 650 | _gComposes bioactifs | ||
| 650 | _g Medecine | ||
| 650 | _g Traditionnelle. | ||
| 856 | _uhttps://ftech.byethost7.com/wp-content/uploads/2025/11/DGA1663.pdf | ||
| 999 |
_c5988 _d5988 |
||